000 00303nam a22001337a 4500
999 _c13097
_d13097
020 _a978812242092
082 _a543
100 _aS M Khopkar
245 _aBasic Concepts of Analytical Chemistry
250 _a3rd
260 _aIndia
_bNew Age International
_c2008
300 _a604 pages
942 _cBK